000 00658nam a22002177a 4500
999 _c17214
_d17214
003 OSt
005 20190121112814.0
008 190121b ||||| |||| 00| 0 eng d
020 _a9781846905797
040 _aSEKU
050 _aQ 182
_b.A67
110 _aEdexcel Limited.
245 _aApplied science level 2 :
_bBTEC First study skills guide, getting the most out of your BTEC /
_cEdexcel Limited.
260 _aEssex :
_bPearson Education Limited,
_c2010.
300 _a100 p. :
_bill.
650 _aTechnology
_xExaminations
650 _aScience
_xExaminations
650 _aTechnology
650 _aScience
_xStudy and teaching
942 _2lcc
_cGEN